Wilhelm Röpke, l’autre Hayek : (notice nᵒ 10934)
[ vue normale ]
| 000 -LEADER | |
|---|---|
| fixed length control field | 03130 a2200385 4500 |
| 001 - CONTROL NUMBER | |
| control field | OB-psorbonne-41491 |
| 003 - CONTROL NUMBER IDENTIFIER | |
| control field | FrMaCLE |
| 005 - DATE AND TIME OF LATEST TRANSACTION | |
| control field | 20251214082742.0 |
| 007 - PHYSICAL DESCRIPTION FIXED FIELD--GENERAL INFORMATION | |
| fixed length control field | cu ||||||m|||| |
| 008 - FIXED-LENGTH DATA ELEMENTS--GENERAL INFORMATION | |
| fixed length control field | 201208e||||||||xx |||||s|||||||||0|fr|d |
| 020 ## - INTERNATIONAL STANDARD BOOK NUMBER | |
| International Standard Book Number | 979-10-351-0355-2 |
| 024 7# - OTHER STANDARD IDENTIFIER | |
| Standard number or code | 10.4000/books.psorbonne.41491 |
| Source of number or code | doi |
| 040 ## - CATALOGING SOURCE | |
| Original cataloging agency | FR-FrMaCLE |
| 041 ## - LANGUAGE CODE | |
| Language code of text/sound track or separate title | fra |
| 100 1# - MAIN ENTRY--PERSONAL NAME | |
| Personal name | Solchany, Jean |
| 245 10 - TITLE STATEMENT | |
| Title | Wilhelm Röpke, l’autre Hayek : |
| Remainder of title | Aux origines du néolibéralisme / |
| Statement of responsibility, etc. | Jean Solchany. |
| 260 ## - PUBLICATION, DISTRIBUTION, ETC. | |
| Place of publication, distribution, etc. | Paris : |
| Name of publisher, distributor, etc. | Éditions de la Sorbonne, |
| Date of publication, distribution, etc. | 2020. |
| 300 ## - PHYSICAL DESCRIPTION | |
| Extent | 572 p. |
| 500 ## - GENERAL NOTE | |
| General note | Ebook |
| 520 ## - SUMMARY, ETC. | |
| Summary, etc. | Aux côtés de Friedrich Hayek, et avant que Milton Friedman n’imprime son empreinte à partir des années I960, l’économiste allemand Wilhelm Röpke (1899-1966), installé à Genève après avoir fui le nazisme, a été l’autre grand fondateur du néolibéralisme. Exploitant de nombreuses archives, cet ouvrage recourt aux outils de l’histoire intellectuelle et transnationale pour proposer une autre lecture d’un phénomène trop souvent encore réduit à ses manifestations les plus contemporaines et les plus anglo-saxonnes, alors qu’il plonge ses racines dans la crise des années 1930 et prend forme en Suisse au lendemain immédiat de la Seconde Guerre mondiale. Loin de l’érudition et de l’anecdote, par-delà le souci de redonner son importance à une figure étonnamment délaissée par les chercheurs, la biographie est ici une démarche de contextualisation visant à expliquer le succès d’un intellectuel autant sociologue qu’économiste. Incontournable en Suisse et en Allemagne, très lié aux nouveaux conservateurs américains, pourfendeur du « collectivisme » sous toutes ses formes, préoccupé du sort de l’Amérique latine et de l’Afrique, publiant dans toutes les langues, Wilhelm Röpke a incarné la variante néolibérale de l’intellectuel engagé. Au-delà de la dénonciation du keynésianisme, de l’interventionnisme et de l’Etat providence, ses écrits et ses réseaux permettent de cerner le néolibéralisme comme un regard global sur le monde, comme une philosophie politique et sociale ambivalente dans son rapporté la modernité, comme une mobilisation de combat et d’influence à l’échelle occidentale. L’écho rencontré par Wilhelm Röpke illustre la renaissance des idées libérales et conservatrices dans la seconde moitié du XXe siècle et le rôle majeur joué dans leur fermentation et leur diffusion par les intellectuels émigrés d’origine germanique. |
| 540 ## - TERMS GOVERNING USE AND REPRODUCTION NOTE | |
| Terms governing use and reproduction | OpenEdition Books License |
| Uniform Resource Identifier | <a href="https://www.openedition.org/12554">https://www.openedition.org/12554</a> |
| 650 #4 - SUBJECT ADDED ENTRY--TOPICAL TERM | |
| Topical term or geographic name entry element | History |
| Topical term or geographic name entry element | néolibéralisme |
| Topical term or geographic name entry element | Seconde Guerre mondiale |
| Topical term or geographic name entry element | contextualisation |
| Topical term or geographic name entry element | approche sociologique |
| Topical term or geographic name entry element | économie |
| Topical term or geographic name entry element | intellectuel engagé |
| Topical term or geographic name entry element | keynésianisme |
| Topical term or geographic name entry element | État-providence |
| Topical term or geographic name entry element | philosophie politique |
| 760 0# - MAIN SERIES ENTRY | |
| International Standard Serial Number | 2825-3582 |
| 776 ## - ADDITIONAL PHYSICAL FORM ENTRY | |
| International Standard Book Number | 978-2-85944-893-6 |
| 856 4# - ELECTRONIC LOCATION AND ACCESS | |
| Data provenance | Solchany, Jean |
| Uniform Resource Identifier | <a href="https://books.openedition.org/psorbonne/41491">https://books.openedition.org/psorbonne/41491</a> |
| Link text | Wilhelm Röpke, l’autre Hayek |
Pas d'exemplaire disponible.
